000
00256nam a2200109Ia 4500
008
221007s9999 xx 000 0 und d
041
_a
eng
100
_a
Nov-05
_9
96885
245
_a
PC Quest: Opera 8.5
260
_b
Cyber media Ind. Ltd.
906
_b
General
999
_c
61346
_d
61346